| 000 | 00619nam a2200193Ia 4500 | ||
|---|---|---|---|
| 005 | 20250507130303.0 | ||
| 008 | 008 250505s9999 xx 000 0 eng d | ||
| 037 | _aSeries Article | ||
| 040 |
_aEASL _beng _cEASL |
||
| 041 |
_aeng _2eng |
||
| 084 | _qEASL | ||
| 100 | _aStokke Kristian | ||
| 245 | 0 | _aPeace - building as small state foreign policy: Norway's peace engagement in a changing international context | |
| 260 |
_aUK _bLos Angeles Sage Publications London _c2012 |
||
| 300 | _a207-232pp. | ||
| 650 |
_aAsian Studies; Foreign Policy _9755072 |
||
| 942 | _cSRA | ||
| 999 |
_c1318783 _d1318783 |
||